|
|
|
|
| LEADER |
00884nab a2200241 i 4500 |
| 001 |
publ8750 |
| 005 |
20190607104622.0 |
| 008 |
170130s2008 hu o 0|| angol d |
| 022 |
|
|
|a 1471-2105
|
| 024 |
7 |
|
|a 10.1186/1471-2105-9-S11-S9
|2 doi
|
| 024 |
7 |
|
|a 212648
|2 mtmt
|
| 040 |
|
|
|a SZTE Publicatio Repozitórium
|b hun
|
| 041 |
|
|
|a angol
|
| 100 |
1 |
|
|a Vincze Veronika
|
| 245 |
1 |
4 |
|a The BioScope corpus
|h [elektronikus dokumentum] :
|b biomedical texts annotated for uncertainty, negation and their scopes /
|c Vincze Veronika
|
| 260 |
|
|
|c 2008
|
| 300 |
|
|
|a Terjedelem: 9 p.-Azonosító: S9
|
| 490 |
0 |
|
|a BMC BIOINFORMATICS
|v 9 No. Suppl. 11
|
| 700 |
0 |
1 |
|a Szarvas György
|e aut
|
| 700 |
0 |
1 |
|a Farkas Richárd
|e aut
|
| 700 |
0 |
1 |
|a Móra György
|e aut
|
| 700 |
0 |
1 |
|a Csirik János
|e aut
|
| 856 |
4 |
0 |
|u http://publicatio.bibl.u-szeged.hu/8750/1/art%253A10.1186%252F1471-2105-9-S11-S9.pdf
|z Dokumentum-elérés
|